00941cam a22002411 4500001001300000003000400013005001700017008004100034010001700075035002000092040002300112042001200135043001200147050002600159051001700185100003000202245009100232260007100323300003000394501016800424650004500592700006200637e 51000025 DLC20260227111234.0880706s1951 dcua 000 0 eng  ae 51000025  a(OCoLC)18178026 aDLCcAUdOrPSdDLC apremarc an-us-wv00aL111b.A6 1951, no. 2 aLA387.C8bR51 aRichmond, Lucille McGraw.10aCulloden improves its curriculumc[by Lucille McGraw Richmond [and] Effie G. Bathurst. a[Washington]bFederal Security Agency, Office of Educationc[1951] aiv, 24 p.billus.c23 cm. aCopies 1 and 2 of L111.A6 with: Frustration in adolescent youth / David Segel. Washington : Govt. Print. Off., 1951. Bound together subsequent to publication.5DLC 0aPublic schoolszWest VirginiazCulloden.1 aBathurst, Effie G.q(Effie Geneva),d1886-ejoint author.